000 00437nmm a2200145Ia 4500
008 251105s9999||||xx |||||||||||||||||und||
041 _aspa
100 _aMartínez, María
245 0 _aPacto de sangre :
_b Trilogía Almas oscuras I
264 _a[Madrid, España] :
_bEdiciones B,
_c2013
300 _a351 páginas
650 _aTeen & Young Adult Fiction
856 _uhttps://public.digitaliapublishing.com/a/53995
942 _cCF
999 _c104681
_d104681